[Event "FRA-ch U18 Girls"]
[Site "Troyes"]
[Date "2010.04.12"]
[Round "2"]
[White "Le Bail, Arielle"]
[Black "Jeannerot, Lea"]
[Result "1-0"]
[WhiteElo "1847"]
[BlackElo "2030"]
[PlyCount "63"]
[EventDate "2010.04.11"]
[EventType "swiss"]
[EventRounds "9"]
[EventCountry "FRA"]
[SourceTitle "EXT 2012"]
[Source "ChessBase"]
[SourceDate "2011.11.24"]
[SourceVersion "1"]
[SourceVersionDate "2011.11.24"]
[SourceQuality "1"]

1. d4 d5 2. c4 e6 3. Nc3 Nf6 4. cxd5 exd5 5. Bg5 c6 6. e3 Be7 7. Bd3 0-0 8. Nge2 Re8 9. Qc2 Nbd7 10. f3 Nf8 11. Bh4 Ng6 12. Bf2 b6 13. 0-0 c5 14. Bb5 Bd7 15. Bxd7 Qxd7 16. Kh1 c4 17. e4 dxe4 18. fxe4 Ng4 19. Bg1 Nf6 20. Ng3 Bd8 21. e5 Nd5 22. Nf5 Nxc3 23. Qxc3 b5 24. Nd6 Rf8 25. a4 bxa4 26. Qxc4 Bc7 27. Nxf7 Rae8 28. Nd6+ Re6 29. Rxf8+ Nxf8 30. Ne4 Qc6 31. Nc5 Kh8 32. d5 1-0

[Event "FRA-chT Top 12 (Women)"]
[Site "Vandoeuvre"]
[Date "2008.05.16"]
[Round "1"]
[White "Steil Antoni, Fiona"]
[Black "Jeannerot, Lea"]
[Result "1-0"]
[WhiteElo "2125"]
[BlackElo "1946"]
[PlyCount "67"]
[EventDate "2008.05.16"]
[EventType "team"]
[EventRounds "5"]
[EventCountry "FRA"]
[SourceTitle "CBM 124 Extra"]
[Source "ChessBase"]
[SourceDate "2008.07.03"]
[SourceVersion "1"]
[SourceVersionDate "2008.07.03"]
[SourceQuality "1"]
[WhiteTeam "Vandoeuvre (W)"]
[BlackTeam "Besancon (W)"]
[WhiteTeamCountry "FRA"]
[BlackTeamCountry "FRA"]

1. e4 c6 2. d4 d5 3. exd5 cxd5 4. Bd3 Nf6 5. h3 e6 6. c3 Be7 7. Nf3 Nbd7 8. 0-0 0-0 9. Re1 b6 10. Nbd2 Bb7 11. Nf1 Ne4 12. Bf4 Rc8 13. Ng3 f5 14. Ne5 Nxe5 15. Bxe5 Bd6 16. Bxd6 Qxd6 17. Nf1 Rf6 18. Qe2 Rg6 19. f3 Ng5 20. Kf2 Qf4 21. Qe5 Ne4+ 22. Rxe4 Qg5 23. Re2 Qxg2+ 24. Ke3 Qg1+ 25. Kd2 Rf8 26. Rae1 Qg5+ 27. Ne3 Qh5 28. Rg2 Qxf3 29. Rxg6 hxg6 30. Qxe6+ Kh7 31. Qe7 f4 32. Ng4 Rf5 33. Bxf5 gxf5 34. Qh4+ 1-0

[Event "FRA-ch U16 Girls"]
[Site "La Roche sur Yon"]
[Date "2008.04.22"]
[Round "4"]
[White "Jeannerot, Lea"]
[Black "Khan, Mai Ly"]
[Result "1/2-1/2"]
[WhiteElo "1946"]
[BlackElo "1700"]
[PlyCount "107"]
[EventDate "2008.04.21"]
[EventType "swiss"]
[EventRounds "9"]
[EventCountry "FRA"]
[SourceTitle "EXT 2010"]
[Source "ChessBase"]
[SourceDate "2010.11.25"]
[SourceVersion "1"]
[SourceVersionDate "2010.11.25"]
[SourceQuality "1"]

1. e4 c5 2. Nc3 Nc6 3. g3 g6 4. Bg2 Bg7 5. d3 Nf6 6. f4 d6 7. Nf3 Bg4 8. h3 Bxf3 9. Bxf3 e6 10. 0-0 Nd4 11. Bg2 0-0 12. g4 Qd7 13. Be3 Ne8 14. Qd2 f5 15. gxf5 exf5 16. Nd5 fxe4 17. dxe4 Nc7 18. Nxc7 Qxc7 19. c3 Nc6 20. Rad1 Rf6 21. f5 gxf5 22. exf5 Raf8 23. Qd5+ Kh8 24. Bg5 R6f7 25. Qe6 Be5 26. Kh1 Nd8 27. Qh6 Nc6 28. Be4 Bf6 29. Rg1 Qe7 30. Bxf6+ Rxf6 31. Qh4 Ne5 32. Rdf1 Qf7 33. Qg5 d5 34. Bc2 Rg8 35. Qxg8+ Qxg8 36. Rxg8+ Kxg8 37. Rd1 Rd6 38. f6 Rxf6 39. Rxd5 Rf2 40. Be4 Nf3 41. Rd8+ Kf7 42. Bxf3 Rxf3 43. Rd7+ Kg6 44. Rxb7 Rxh3+ 45. Kg2 Rd3 46. Kf2 h5 47. Rxa7 Rd2+ 48. Kg3 Rxb2 49. Ra6+ Kg7 50. Ra5 c4 51. Rxh5 Rc2 52. Rc5 Rxc3+ 53. Kf4 Ra3 54. Rxc4 1/2-1/2

[Event "FRA-chT1B 0708"]
[Site "France"]
[Date "2007.11.24"]
[Round "2.8"]
[White "Bomba, Melody"]
[Black "Jeannerot, Lea"]
[Result "1-0"]
[WhiteElo "1836"]
[BlackElo "1994"]
[PlyCount "61"]
[EventDate "2007.10.21"]
[EventType "team"]
[EventRounds "11"]
[EventCountry "FRA"]
[SourceTitle "EXT 2009"]
[Source "ChessBase"]
[SourceDate "2008.11.26"]
[SourceVersion "1"]
[SourceVersionDate "2008.11.26"]
[SourceQuality "1"]
[WhiteTeam "Avignon"]
[BlackTeam "Besancon TPG"]
[WhiteTeamCountry "FRA"]
[BlackTeamCountry "FRA"]

1. d4 d5 2. c3 Nf6 3. Nf3 e6 4. Bg5 c5 5. Nbd2 Nc6 6. e3 Bd6 7. Bd3 0-0 8. Bh4 e5 9. dxe5 Nxe5 10. Nxe5 Bxe5 11. 0-0 b6 12. Re1 Be6 13. Nf3 Bc7 14. Ng5 h6 15. Nh7 Bxh2+ 16. Kh1 Be5 17. Nxf8 Kxf8 18. Qc2 g5 19. f4 gxh4 20. fxe5 Ng4 21. Bf5 Nxe5 22. Bxe6 fxe6 23. Qh7 Nf7 24. Rf1 Qe8 25. Qh8+ Ke7 26. Qf6+ Kf8 27. Rf4 Rc8 28. Raf1 Rc7 29. Qxh6+ Ke7 30. Rxf7+ Kd8 31. Rf8 1-0

[Event "Val Thorens op 33th"]
[Site "Val Thorens"]
[Date "2007.07.21"]
[Round "8"]
[White "Jeannerot, Lea"]
[Black "Dubessay, Bastien"]
[Result "1-0"]
[WhiteElo "1936"]
[BlackElo "2118"]
[PlyCount "57"]
[EventDate "2007.07.14"]
[EventType "swiss"]
[EventRounds "9"]
[EventCountry "FRA"]
[SourceTitle "EXT 2010"]
[Source "ChessBase"]
[SourceDate "2010.11.25"]
[SourceVersion "1"]
[SourceVersionDate "2010.11.25"]
[SourceQuality "1"]

1. e4 c5 2. Nc3 d6 3. g3 g6 4. Bg2 Bg7 5. d3 e6 6. f4 Ne7 7. Nf3 0-0 8. 0-0 Nbc6 9. Re1 a6 10. Be3 b6 11. e5 d5 12. d4 Nf5 13. g4 Nxe3 14. Rxe3 Re8 15. Ne2 cxd4 16. Nexd4 Nxd4 17. Nxd4 Bb7 18. g5 h6 19. h4 Rc8 20. gxh6 Bxh6 21. Qg4 Kh7 22. c3 b5 23. Bf1 b4 24. h5 Rg8 25. hxg6+ fxg6 26. Rh3 Rc6 27. Nxc6 Bxc6 28. Qxe6 Qf8 29. cxb4 1-0

[Event "Val Thorens op 33th"]
[Site "Val Thorens"]
[Date "2007.07.14"]
[Round "1"]
[White "Zimmerman, Yuri"]
[Black "Jeannerot, Lea"]
[Result "1-0"]
[WhiteElo "2353"]
[BlackElo "1936"]
[PlyCount "83"]
[EventDate "2007.07.14"]
[EventType "swiss"]
[EventRounds "9"]
[EventCountry "FRA"]
[SourceTitle "EXT 2010"]
[Source "ChessBase"]
[SourceDate "2010.11.25"]
[SourceVersion "1"]
[SourceVersionDate "2010.11.25"]
[SourceQuality "1"]

1. d4 d5 2. c4 e6 3. Nf3 Nf6 4. g3 c6 5. Bg2 Nbd7 6. Qc2 Be7 7. 0-0 0-0 8. Rd1 Ne4 9. Nc3 Nd6 10. c5 Ne8 11. Bf4 g5 12. Bc1 f5 13. Qd2 h6 14. h4 f4 15. Qd3 Kg7 16. h5 Rf6 17. gxf4 g4 18. Ne5 Rf5 19. Qg3 Nef6 20. f3 Nxe5 21. fxe5 Nxh5 22. Qxg4+ Bg5 23. e3 Qg8 24. f4 Kh7 25. fxg5 Rxg5 26. Qe2 Ng3 27. Qc2+ Kh8 28. e4 Rg6 29. Bf4 Nh5 30. Bh2 Bd7 31. Rf1 b6 32. Qe2 Ng7 33. Rf6 Ne8 34. Rxg6 Qxg6 35. cxb6 axb6 36. Kh1 Nc7 37. Rf1 c5 38. Rf6 Qg7 39. exd5 exd5 40. Nxd5 Nxd5 41. Bxd5 Bg4 42. Qe3 1-0

[Event "FRA-ch U16 Girls"]
[Site "Le Grand Bornand"]
[Date "2007.04.??"]
[Round "2"]
[White "Buscara, Lena"]
[Black "Jeannerot, Lea"]
[Result "0-1"]
[WhiteElo "1740"]
[BlackElo "1920"]
[PlyCount "44"]
[EventDate "2007.04.07"]
[EventType "swiss"]
[EventRounds "9"]
[EventCountry "FRA"]
[SourceTitle "CBM 118 Extra"]
[Source "ChessBase"]
[SourceDate "2007.07.04"]
[SourceVersion "1"]
[SourceVersionDate "2007.07.04"]
[SourceQuality "1"]

1. e4 e5 2. Nc3 Bc5 3. g3 d6 4. Bg2 Nf6 5. h3 Nc6 6. Nge2 Be6 7. 0-0 Qd7 8. Kh2 h5 9. f3 g5 10. Na4 g4 11. Nxc5 dxc5 12. f4 gxh3 13. f5 hxg2 14. fxe6 gxf1N+ 15. Qxf1 Qxe6 16. d3 h4 17. Kg2 hxg3 18. Kxg3 Qg4+ 19. Kf2 Qh4+ 20. Ke3 Qh3+ 21. Qxh3 Rxh3+ 22. Kf2 Ng4+ 0-1

[Event "FRA-ch U16 Girls"]
[Site "Le Grand Bornand"]
[Date "2007.04.??"]
[Round "8"]
[White "Jeannerot, Lea"]
[Black "Armas, Lara Maria"]
[Result "1-0"]
[WhiteElo "1920"]
[BlackElo "1819"]
[PlyCount "83"]
[EventDate "2007.04.07"]
[EventType "swiss"]
[EventRounds "9"]
[EventCountry "FRA"]
[SourceTitle "CBM 118 Extra"]
[Source "ChessBase"]
[SourceDate "2007.07.04"]
[SourceVersion "1"]
[SourceVersionDate "2007.07.04"]
[SourceQuality "1"]

1. e4 c5 2. Nc3 d6 3. g3 g6 4. Bg2 Bg7 5. d3 Nc6 6. Nge2 e6 7. 0-0 Nge7 8. f4 0-0 9. h3 a6 10. g4 f5 11. g5 Rb8 12. Ng3 b5 13. exf5 gxf5 14. h4 b4 15. Nce2 Nd4 16. h5 Qe8 17. h6 Bh8 18. c3 Nxe2+ 19. Nxe2 bxc3 20. Nxc3 Bb7 21. Qe2 Qd7 22. Re1 Bxg2 23. Kxg2 e5 24. Rb1 Nc6 25. Be3 Nd4 26. Bxd4 cxd4 27. Nd5 Rb5 28. Qf3 Qe6 29. Nc7 Qd7 30. Nxb5 Qxb5 31. Red1 exf4 32. Qxf4 Qc6+ 33. Qf3 Qc2+ 34. Kf1 Be5 35. Qd5+ Kh8 36. Qg2 Qa4 37. b3 Qb5 38. Rbc1 d5 39. Qe2 Re8 40. Rc8 Qd7 41. Rxe8+ Qxe8 42. Re1 1-0

[Event "FRA-ch U16 Girls"]
[Site "Le Grand Bornand"]
[Date "2007.04.??"]
[Round "7"]
[White "Jeannerot, Lea"]
[Black "Peyre, Camille"]
[Result "1/2-1/2"]
[WhiteElo "1920"]
[BlackElo "1785"]
[PlyCount "76"]
[EventDate "2007.04.07"]
[EventType "swiss"]
[EventRounds "9"]
[EventCountry "FRA"]
[SourceTitle "CBM 118 Extra"]
[Source "ChessBase"]
[SourceDate "2007.07.04"]
[SourceVersion "1"]
[SourceVersionDate "2007.07.04"]
[SourceQuality "1"]

1. e4 Nf6 2. Nc3 d5 3. exd5 Nxd5 4. Bc4 Nb6 5. Bb3 c5 6. d3 Nc6 7. a3 Nd4 8. Ba2 Bf5 9. Nf3 e6 10. h3 Be7 11. 0-0 0-0 12. Re1 Qc7 13. Be3 Rfd8 14. Bxd4 cxd4 15. Ne2 Bf6 16. Qd2 Rac8 17. Bb3 Qc6 18. Qf4 Nd5 19. Qg3 Qc5 20. Nf4 Nxf4 21. Qxf4 Qc7 22. Qxc7 Rxc7 23. g4 Bg6 24. h4 h5 25. g5 Be7 26. Ne5 Bf5 27. Kg2 Bd6 28. Nc4 Kf8 29. Nxd6 Rxd6 30. Re2 Ke7 31. Rae1 a6 32. Re5 Kd7 33. R5e2 Ke7 34. Re5 Kd7 35. f3 Bg6 36. R5e2 Bf5 37. Re5 Bg6 38. R5e2 Bf5 1/2-1/2

[Event "FRA-ch U16 Girls"]
[Site "Le Grand Bornand"]
[Date "2007.04.??"]
[Round "3"]
[White "Jeannerot, Lea"]
[Black "Yuen, Wing Yan"]
[Result "0-1"]
[WhiteElo "1920"]
[BlackElo "1810"]
[PlyCount "116"]
[EventDate "2007.04.07"]
[EventType "swiss"]
[EventRounds "9"]
[EventCountry "FRA"]
[SourceTitle "CBM 118 Extra"]
[Source "ChessBase"]
[SourceDate "2007.07.04"]
[SourceVersion "1"]
[SourceVersionDate "2007.07.04"]
[SourceQuality "1"]

1. e4 e5 2. Nf3 Nc6 3. Bc4 Be7 4. d4 exd4 5. Nxd4 Nf6 6. Nxc6 dxc6 7. Qxd8+ Bxd8 8. Nc3 b5 9. Bd3 Bb7 10. f3 a6 11. Be3 Be7 12. 0-0 0-0 13. Rad1 Rad8 14. a3 Nd7 15. f4 Bc5 16. Bxc5 Nxc5 17. Be2 Ne6 18. g3 Nd4 19. Bd3 c5 20. Rf2 Rfe8 21. Re1 f5 22. b3 b4 23. axb4 cxb4 24. Ne2 fxe4 25. Bc4+ Kf8 26. Nxd4 Rxd4 27. Rfe2 Red8 28. Kf2 a5 29. Ra1 Ra8 30. Ke3 c5 31. Bb5 Ke7 32. Rd2 Rad8 33. Rxd4 cxd4+ 34. Ke2 Rc8 35. Bc4 Ra8 36. Rd1 Rd8 37. Ra1 Ra8 38. g4 Kd6 39. h4 Ba6 40. Bxa6 Rxa6 41. h5 Rc6 42. Kd2 Rc5 43. g5 Ke6 44. Rh1 Kf5 45. h6 g6 46. Rf1 Rc3 47. Ra1 e3+ 48. Kd1 Rc5 49. Rc1 Ke4 50. Ke2 Rf5 51. Ra1 Rc5 52. Rc1 Rc3 53. f5 Kxf5 54. Rf1+ Kxg5 55. Kd1 Rc5 56. Rg1+ Kxh6 57. Rg4 Rd5 58. Ke2 Kh5 0-1

[Event "FRA-ch U14 Girls"]
[Site "Aix les Bains"]
[Date "2006.??.??"]
[Round "5"]
[White "Le Bail, Arielle"]
[Black "Jeannerot, Lea"]
[Result "1-0"]
[WhiteElo "1800"]
[BlackElo "1630"]
[PlyCount "151"]
[EventDate "2006.04.16"]
[EventType "swiss"]
[EventRounds "9"]
[EventCountry "FRA"]
[SourceTitle "EXT 2007"]
[Source "ChessBase"]
[SourceDate "2006.11.23"]
[SourceVersion "1"]
[SourceVersionDate "2006.11.23"]
[SourceQuality "1"]

1. e4 e5 2. f4 Bc5 3. Nc3 d6 4. fxe5 dxe5 5. Qh5 Nc6 6. Bb5 Bd6 7. Nf3 g6 8. Qg5 Qxg5 9. Bxc6+ bxc6 10. Nxg5 f6 11. Nf3 Bc5 12. d3 a6 13. Rf1 Rb8 14. Ke2 Ne7 15. Na4 Ba7 16. Be3 Bxe3 17. Kxe3 0-0 18. Rab1 Kg7 19. Nd2 Rb5 20. Nb3 f5 21. Nac5 f4+ 22. Kd2 g5 23. Rf2 h5 24. Rbf1 Ng6 25. a4 Rb6 26. Kc3 Rf6 27. Nd2 Rb8 28. Nc4 Rf8 29. Na5 Rf6 30. Ra1 g4 31. Ra3 g3 32. hxg3 fxg3 33. Rxf6 Kxf6 34. Nxc6 Rb6 35. Nb4 Nf4 36. Nd5+ Nxd5+ 37. exd5 h4 38. Ra1 Ke7 39. Re1 Kd6 40. Ne4+ Kxd5 41. Rh1 Be6 42. Rxh4 a5 43. Nxg3 Rc6+ 44. Kd2 Rb6 45. b3 c5 46. Rh7 Ra6 47. Ne4 Bf5 48. Nc3+ Kc6 49. Rh5 Bd7 50. Rxe5 Kd6 51. Rh5 Ra8 52. Ne4+ Ke7 53. Nxc5 Bg4 54. Rh7+ Kd6 55. Ne4+ Ke5 56. Rh4 Bf5 57. Ke3 Rg8 58. Rh2 Rc8 59. g3 Re8 60. Nf2 Bd7 61. Rh4 Kf5+ 62. Re4 Rxe4+ 63. Nxe4 Ke5 64. d4+ Kf5 65. g4+ Kg6 66. g5 Bf5 67. d5 Kg7 68. c4 Kf8 69. Kf4 Bg6 70. Ke5 Ke7 71. c5 Kd8 72. c6 Bh7 73. d6 Bg6 74. Nc5 Kc8 75. Kf6 Be8 76. d7+ 1-0

[Event "Besancon op"]
[Site "Besancon"]
[Date "2005.12.28"]
[Round "5"]
[White "Collin Regnier, Francois"]
[Black "Jeannerot, Lea"]
[Result "1/2-1/2"]
[WhiteElo "1580"]
[BlackElo "1670"]
[PlyCount "120"]
[EventDate "2005.12.27"]
[EventType "swiss"]
[EventRounds "7"]
[EventCountry "FRA"]
[SourceTitle "CBM 110 Extra"]
[Source "ChessBase"]
[SourceDate "2006.03.10"]
[SourceVersion "2"]
[SourceVersionDate "2006.03.10"]
[SourceQuality "1"]

1. d4 d5 2. Nf3 Nf6 3. e3 Bg4 4. Bd3 e6 5. c3 Nbd7 6. h3 Bh5 7. Be2 Ne4 8. Nfd2 Bxe2 9. Qxe2 Ndf6 10. Nxe4 Nxe4 11. Nd2 c6 12. Nxe4 dxe4 13. Bd2 Qg5 14. Qg4 Qxg4 15. hxg4 g6 16. Ke2 f5 17. gxf5 exf5 18. f4 exf3+ 19. Kxf3 Kf7 20. Rhe1 Re8 21. e4 fxe4+ 22. Rxe4 Rxe4 23. Kxe4 Ke6 24. Bf4 h5 25. Bg5 Rh7 26. c4 Rd7 27. Rd1 Rf7 28. d5+ cxd5+ 29. cxd5+ Kd7 30. Bf4 Bd6 31. g3 Bxf4 32. gxf4 Kd6 33. Rg1 Rf6 34. Rg5 a5 35. a3 b6 36. Rg1 a4 37. b4 axb3 38. Rb1 Rf8 39. Rxb3 Re8+ 40. Kd4 Rb8 41. Rg3 Rg8 42. Rc3 Rf8 43. Rc6+ Kd7 44. Rxg6 Rxf4+ 45. Ke5 Rg4 46. Rxb6 h4 47. Rh6 Ra4 48. Rh7+ Kd8 49. Ke6 Kc8 50. d6 Re4+ 51. Kd5 Ra4 52. Rc7+ Kd8 53. Rc3 Kd7 54. Rd3 Ra6 55. Ke5 h3 56. Rxh3 Rxd6 57. a4 Ra6 58. Ra3 Kc6 59. Kd4 Kb6 60. Kc4 Ka5 1/2-1/2

[Event "FRA-ch U14 Girls"]
[Site "Calvi"]
[Date "2005.04.23"]
[Round "8"]
[White "Bismuth, Sarah"]
[Black "Jeannerot, Lea"]
[Result "0-1"]
[WhiteElo "1640"]
[BlackElo "1520"]
[PlyCount "64"]
[EventDate "2005.04.??"]
[EventType "swiss"]
[EventRounds "9"]
[EventCountry "FRA"]
[SourceTitle "EXT 2006"]
[Source "ChessBase"]
[SourceDate "2005.11.24"]
[SourceVersion "1"]
[SourceVersionDate "2005.11.24"]
[SourceQuality "1"]

1. e4 e5 2. Nf3 Nc6 3. Bc4 Bc5 4. b4 Bxb4 5. c3 Ba5 6. d4 exd4 7. Qb3 Nh6 8. Bxh6 gxh6 9. Bxf7+ Ke7 10. Bh5 Qg8 11. Qa3+ d6 12. e5 Qc4 13. exd6+ cxd6 14. Nfd2 Bxc3 15. Nxc3 Qxc3 16. Qxc3 dxc3 17. Ne4 c2 18. 0-0 Nd4 19. Rfe1 Be6 20. Re3 Rac8 21. Nc3 Kd7 22. Rc1 Rhf8 23. Rd3 Rc4 24. Ne2 Nxe2+ 25. Bxe2 Rc5 26. Ra3 a6 27. Bd3 Bf5 28. Bxf5+ Rfxf5 29. Rb3 b5 30. Rb2 Rfd5 31. Kf1 Rd1+ 32. Rxd1 cxd1Q# 0-1

[Event "Besancon op"]
[Site "Besancon"]
[Date "2004.12.29"]
[Round "4"]
[White "Denis, Quentin"]
[Black "Jeannerot, Lea"]
[Result "0-1"]
[WhiteElo "1030"]
[BlackElo "1640"]
[PlyCount "38"]
[EventDate "2004.12.27"]
[EventType "swiss"]
[EventRounds "7"]
[EventCountry "FRA"]
[SourceTitle "EXT 2006"]
[Source "ChessBase"]
[SourceDate "2005.11.24"]
[SourceVersion "1"]
[SourceVersionDate "2005.11.24"]
[SourceQuality "1"]

1. d4 d5 2. c4 e6 3. cxd5 exd5 4. Nf3 Nf6 5. Nc3 Be7 6. Bd2 Bf5 7. e3 0-0 8. Be2 Nc6 9. 0-0 Bd6 10. Qb3 b6 11. Nxd5 Nxd5 12. Qxd5 Bxh2+ 13. Nxh2 Qxd5 14. Bf3 Be4 15. Bxe4 Qxe4 16. f3 Qd3 17. d5 Qxd2 18. dxc6 Qxe3+ 19. Kh1 Qe5 0-1